Normal view
MARC view
Entry Topical Term
001 - CONTROL NUMBER
- control field: 13640
003 - CONTROL NUMBER IDENTIFIER
- control field: BD-RjUL
005 - DATE AND TIME OF LATEST TRANSACTION
- control field: 20241001100656.0
008 - FIXED-LENGTH DATA ELEMENTS
- fixed length control field: 241001|| aca||aabn | a|a d
040 ## - CATALOGING SOURCE
- Original cataloging agency: BD-RjUL
- Transcribing agency: BD-RjUL
150 ## - HEADING--TOPICAL TERM
- Topical term or geographic name entry element: Geogoraphy
- Form subdivision: Farm size
670 ## - SOURCE DATA FOUND
- Source citation: Work cat.: (BD-RjUL)84054: Refakatullah, Md. 13639, Farm size, Land Tenure and Landuse in Puthia Thana :, 2002